000 00467nam a2200181Ia 4500
001 24245
005 20260414151030.0
008 260414t2020||||xx |||||||||||||| ||spa||
041 _aESP
082 _a345.2
_bA156
100 _aAmoretti Pachas, Mario
_eAUT
245 0 _aPrisión preventiva y detención domiciliaria :
_bcasos polémicos
260 _c2020
300 _a792 páginas :
_c25 cm.
650 _aDER
654 _aCDE
942 _cLIB
_dJUS
_fJUS
_2ddc
_n
999 _c24245
_d24245